000 00254nam a2200109Ia 4500
008 200302s9999 xx 000 0 und d
100 _aChris Van Uffelen
245 _aAirport Architecture
260 _bBraun Publishing AG
260 _c2012
300 _a287
999 _c3346
_d3346